Leader xxxxxxxxxx
001 __ PCLIS00019547
005 __ 20230324131535.0
010 0_ |a957-545-525-8|b平裝|dNT$120
100 __ |a19981123d1995 m y0chiy09 e
101 1_ |achi|cjpn
102 __ |atw
105 __ |aac z 000ad
200 1_ |a海市蜃樓.橘子|f芥川龍之介著
205 __ |a再版
210 __ |a臺北市|c志文|d1995.06[民84]
215 0_ |a[2], 229面, 圖版[4]面|c圖, 像|d19公分
225 1_ |a新潮文庫|v345
300 __ |a館藏段作者號由adm誤取8670,由t561改回
300 __ |a封面副題名: 芥川龍之介14個短篇傑作選
300 __ |a附錄: 芥川的白描手法
327 1_ |a譯者前言--譯者序--火男面具--父--猴子--煙草和魔鬼--大石內藏助的一天--戲作三昧--毛利先生--沼澤地--龍--蔥--阿律和她的兒女們--小白--海市蜃樓--橘子--附錄 : 芥川的白描手法--芥川龍之介年譜
517 1_ |a芥川龍之介14個短篇傑作選|zchi
606 __ |2cst|a短篇小說
681 __ |a861.57|b867
681 __ |a861.57|b8670 88
700 _1 |a芥川龍之介|s民國|4著
710 02 |a芥川龍之介|s民國|4著
801 _0 |atw|b內湖高中|c20010622|gCCR
801 _2 |atw|b內湖高中|c20230324|gCCR
|